000 00723nam a2200229Ia 4500
001 3306
003 GE_BSU
008 181216s||||||||xx |||||||||||||| ||und||
040 _cGE_BSU
080 _a621.868(075)
100 _aЗенков Р.Л., Ивашков И.И., Колобов Л.Н.
245 _aМашины непрерывного транспорта
245 _bУчебник для студентов вузов
245 _cред. Якушина И. Н
250 _a2-е Изд.
260 _aМосква
260 _bМашиностроение
260 _c1987
300 _a432 с.ил. 22 см.
653 _aМашины непрерывного транспорта
942 _cBK
999 _c37347
_d37347